[Event "MK Cafe Cup-A"]
[Site "Koszalin"]
[Date "1999.08.08"]
[Round "6"]
[White "Poluljahov, Aleksandr"]
[Black "Lanka, Zigurds"]
[Result "1-0"]
[WhiteElo "2554"]
[BlackElo "2504"]
[Annotator "Gershon,A"]
[PlyCount "99"]
[EventDate "1999.08.03"]
[EventType "swiss"]
[EventRounds "9"]
[EventCountry "POL"]
[SourceTitle "CBM 073"]
[Source "ChessBase"]
[SourceDate "1999.12.01"]
[SourceVersion "1"]
[SourceVersionDate "1999.12.01"]
[SourceQuality "1"]

1. e4 c5 2. Nf3 Nc6 3. Bb5 g6 4. O-O Bg7 5. Re1 e5 6. Bxc6 dxc6 7. d3 Qe7 8. a3
(8. a4 Nf6 9. Nbd2 O-O 10. Nc4 Ne8 11. Be3 Nc7 12. h3 f6 13. Qc1 Be6 14. b3 Bf7
15. Qa3 Ne6 16. a5 Rfd8 17. Rab1 Bf8 18. Qb2 Nd4 19. Nh2 Qc7 20. Ng4 h5 21.
Nxf6+ Kg7 22. f4 Bxc4 23. bxc4 Kxf6 24. fxe5+ Kf7 25. c3 Ne6 26. d4 Rd7 27.
Qf2+ $16 {1-0 Van der Wiel,J-Van der Weide,K/NLD-chT 1996/EXT 99 (38)}) 8...
Nf6 (8... a5 9. a4 Nf6 10. Na3 O-O 11. Nc4 Nh5 12. Bd2 Qc7 13. Be3 b6 14. b4 b5
15. axb5 cxb5 16. Rxa5 Rxa5 17. Nxa5 cxb4 18. Nb3 Bg4 $15 {0-1 Svetushkin,
D-Sorokin,M/Anibal Open, Linares ESP 1999 (29)}) 9. b4 (9. h3 O-O 10. Nbd2 h6
11. b4 Re8 12. Rb1 Nd7 13. Nc4 b6 14. Be3 Ba6 15. Nfd2 Rad8 16. f3 Bf8 17. Qe2
Qe6 18. Qf2 Bc8 19. Kh1 Qf6 20. Qg3 Re6 21. Rf1 Rde8 22. Qf2 $14 {0-1 Enders,
P-Cao Sang/Budapest 1996/CBM 51 ext (47)}) 9... O-O (9... Nd7 10. Nbd2 O-O 11.
Bb2 Rd8 12. Nc4 Nb6 13. Na5 Na4 14. Bc1 Qc7 15. c4 b5 16. Qc2 Bg4 17. Be3 Rac8
18. Rac1 Bxf3 19. gxf3 Bf8 20. cxb5 cxb5 21. Nb3 Qd7 22. Nxc5 Nxc5 23. bxc5
Qxd3 24. Qb2 f6 25. Kg2 Kg7 26. Re2 Qd7 27. Rd2 Qc6 28. Rcd1 Rxd2 29. Qxd2 Rc7
30. Qc3 Be7 31. Rd5 $14 {1-0 Timman,J-Reinderman,D/Wijk aan Zee 1999/CBM 69_07
(70)}) 10. Nbd2 (10. Bd2 Nd7 11. Bc3 Rd8 12. h3 f6 13. Nbd2 Nb6 14. Nb3 Na4 15.
Bd2 Be6 16. Na5 Qc7 17. Qc1 b6 18. Nb3 cxb4 19. axb4 b5 20. d4 exd4 21. Nbxd4
Bc4 22. Bh6 Bh8 23. Bf4 Qb6 24. Be3 Qb7 25. Nb3 Bf7 26. Nc5 Nxc5 27. Bxc5 $14 {
1-0 Poluljahov,A-Gagarin,V/Maikop 1998/CBM 66 (53)}) (10. bxc5 Qxc5 11. a4 Re8
12. Ba3 Qa5 13. Nbd2 Be6 14. Ng5 Nd7 15. Nxe6 Rxe6 16. Nc4 Qc7 17. Qd2 b5 18.
Ne3 Nb6 19. axb5 cxb5 20. Qa5 Qc6 21. Rab1 a6 22. c4 $16 {1-0 Glek,I-Rabiega,R/
Zillertal 1993/EXT 98 (30)}) 10... Rd8 {Moving the rook from the a3-f8 /^
which makes the take on b4 a threat} 11. Nc4 Nd7 (11... Bg4 $5 12. Ncxe5 (12.
h3 Bxf3 13. Qxf3 cxb4 14. axb4 Qxb4 $17 {[%csl Ge1]}) (12. bxc5 Qxc5 13. Be3
Qe7 14. h3 Bxf3 15. Qxf3 Nd7 $11) 12... Qxe5 13. Nxe5 Bxd1 14. Rxd1 Nxe4 15.
Bb2 Re8 16. f4 Ng5 $1 17. bxc5 Ne6 $11) 12. Bd2 f6 13. h3 b6 14. Qb1 Ba6 $6 {
After this move black cannot move his knight without handing white serious
positional advantages.The point is that the bishop takes the a6 square from
the queen, which means it will not be able to take on c5 without being caught}
(14... Nf8 $142 15. bxc5 Qxc5 16. Bb4 Qb5 17. Nd6 (17. a4 Qa6 18. a5 b5 19.
Ncd2 Ne6 20. Nb3 Bf8 $11) 17... Qa6 $13 {[%cal Gc8e6,Gc6c5]}) 15. Ne3 Nf8 $6 (
15... cxb4 $142 16. axb4 Bb7) 16. bxc5 bxc5 $16 (16... Qxc5 $4 17. Bb4 Qb5 18.
a4 $18) 17. Qb3+ Ne6 18. Qa4 Qb7 (18... Bb5 19. Qa5 {[%cal Ga3a4]} Nc7 20. a4
Ba6 21. Bc1 {[%cal Gc1a3]}) 19. Rab1 Qc8 20. Nc4 {[%cal Gc4a5]} Kh8 21. Rb2 (
21. Na5 Bb5 22. Qb3 Nd4) 21... Nd4 22. Nxd4 (22. Nh2 {[%cal Gh2f1,Gf1e3] looks
too artificial}) 22... cxd4 23. f4 $1 {creating another weakness (e5) and if
black takes on f4 the white bishop there will be unbearable} Bb5 (23... exf4
24. Bxf4 {[%cal Gc4d6]} Bf8 25. e5 f5 26. e6 $18) 24. Qb3 Bh6 25. Rf1 (25. fxe5
$4 Bxc4 26. Qxc4 Bxd2 $19) 25... Qa6 26. Na5 {[%cal Ga3a4]} Qc8 (26... Bxf4 27.
Rxf4 (27. Bxf4 exf4 (27... Qxa5 28. Bh6 $18 {[%csl Gf6][%cal Gb3f7]}) 28. a4
Qxa5 29. axb5 Qxb5 $17) 27... exf4 28. a4 Rab8 29. axb5 Rxb5 30. Qf7 $18) 27.
Nc4 Qa6 28. Na5 Qc8 29. a4 Ba6 30. Qf7 Rf8 31. Qe7 c5 (31... Qe8 32. Qxe8 Rfxe8
33. Nxc6 Rec8 34. Ne7 Rab8 35. Rfb1 Rxb2 36. Rxb2 Rc7 37. Nd5 $18) 32. Rfb1 {
[%csl Gh7][%cal Gb2b7]} Bg7 33. fxe5 fxe5 34. Nb7 Re8 35. Qd6 {[%csl Ga6][%cal
Gb7c5]} (35. Qxc5 $4 Bxb7 $19) 35... c4 (35... Bxb7 36. Rxb7 {[%cal Gb7c7,
Gb1b7]} Re6 37. Qd5 $18 {[%cal Gb7d7]}) 36. Qxa6 c3 37. Bxc3 Qxc3 38. Nd6 $18
Rf8 39. Qc4 {The simplest, without the queens and when the knight is so much
better than the bishop realizing the pawn won't be a problem} Bf6 40. Qxc3 dxc3
41. Rb7 {[%cal Gb7c7]} Kg8 {[%cal Gf8d8]} 42. Rc7 Bd8 (42... Rfd8 43. Nb5) 43.
Rxc3 Bb6+ 44. Kh2 Rf2 45. Nc8 $1 {[%cal Gc8e7,Ge7d5,Gc3c7]} Be3 46. Ne7+ Kg7
47. Nd5 Bd2 48. Rc7+ Kh6 49. Kg3 Raf8 50. Rbb7 {[%cal Gc7h7,Gh3h4]} 1-0

[Event "MK Cafe Cup-A"]
[Site "Koszalin"]
[Date "1999.08.06"]
[Round "4"]
[White "Ulybin, Mikhail"]
[Black "Lanka, Zigurds"]
[Result "1/2-1/2"]
[WhiteElo "2562"]
[BlackElo "2504"]
[Annotator "Gershon,A"]
[PlyCount "67"]
[EventDate "1999.08.03"]
[EventType "swiss"]
[EventRounds "9"]
[EventCountry "POL"]
[SourceTitle "CBM 073"]
[Source "ChessBase"]
[SourceDate "1999.12.01"]
[SourceVersion "1"]
[SourceVersionDate "1999.12.01"]
[SourceQuality "1"]

1. e4 c5 2. Nf3 Nc6 3. Bb5 g6 4. Bxc6 dxc6 5. d3 Bg7 6. h3 Nf6 7. Nc3 O-O 8.
Be3 b6 9. Qd2 e5 (9... Ba6 10. Bh6 Qc7 11. h4 Bxh6 12. Qxh6 Ng4 13. Qg5 h5 14.
e5 Kg7 15. Ne4 f6 16. Qf4 Kg8 17. O-O Rad8 18. Rfe1 Bc8 19. Ng3 Be6 20. Qe4 f5
21. Qf4 Kg7 22. Qg5 $16 {1-0 Zhang Zhong-Mirza,S/Genting Highlands 1998/CBM 63
ext (39)}) 10. Bh6 (10. a3 Qd6 11. Na4 c4 12. dxc4 Nxe4 13. Qxd6 Nxd6 14. c5
Nc4 15. cxb6 e4 16. Nd2 axb6 17. Nxc4 Rxa4 18. Nxb6 Bxb2 19. Nxa4 Bxa1 20. c3
Be6 21. Kd2 Ra8 {1/2-1/2 Baklan,V-Hausrath,D/Groningen 1996/EXT 98 (21)}) 10...
Qe7 (10... Qd6 11. Bxg7 (11. g4 Be6 12. Bxg7 Kxg7 13. O-O-O b5 14. Kb1 a5 15.
Qe3 a4 16. Ne2 b4 17. Nd2 Rfb8 18. f4 exf4 19. Qxf4 Qe7 20. Qg5 h6 21. Qh4
Bxa2+ 22. Kxa2 b3+ 23. Kb1 bxc2+ 24. Kxc2 Qb7 25. Rb1 c4 26. dxc4 $18 {1-0 Van
den Doel,E-Hausrath,D/Open, Groningen NED 1998 (45)}) (11. O-O-O Be6 12. Kb1 b5
13. Ne2 a5 14. Bxg7 Kxg7 15. Ng5 h6 16. Nxe6+ fxe6 17. f4 exf4 18. Nxf4 a4 19.
Rhf1 b4 20. g4 Nd7 21. d4 b3 22. cxb3 axb3 23. a3 Qe7 24. Qe3 Nf6 25. e5 Nd5
26. Qxb3 Ra5 27. Ne2 {1/2-1/2 Adams,M-Hausrath,D/Dutch Team Championships
Playoff, Breda 1999 (27)}) 11... Kxg7 12. O-O-O Be6 13. Nh2 Rad8 14. Rhf1 c4
15. f4 exf4 16. d4 Nh5 17. Ne2 f5 18. d5 cxd5 19. exd5 Bxd5 20. Nxf4 Nxf4 $17 {
1/2-1/2 Kuczynski,R-Baklan,V/Germany 1997/GER-chT (37)}) 11. g4 {As opposed to
11.000 this move doesn't permit 11...Nh5 going to f4 which makes it harder for
white to advance} (11. O-O-O Nh5 12. Bxg7 (12. Ne2 f6 13. Rdf1 (13. g4 Bxh6 14.
Qxh6 Ng7 15. Nd2 Be6 16. Kb1 Qf7 17. Nc1 Rad8 18. f4 exf4 19. Qxf4 Bc8 20. Rdf1
Ne6 21. Qg3 b5 22. Rf2 $14 {1-0 Kuczynski,R-Socko,B/ch-POL, Polanica Zdroj POL
1999 (86)}) 13... Be6 14. g4 Bxh6 15. Qxh6 Ng7 16. Nd2 c4 17. dxc4 b5 18. cxb5
Rab8 19. Nb3 cxb5 20. Qe3 a5 21. Kb1 Rfc8 22. Rd1 a4 23. Nbc1 Ne8 24. Qd2 b4
25. f4 Qb7 26. fxe5 fxe5 27. Rhe1 Rc4 28. Nd3 Rbc8 29. Rc1 b3 30. cxb3 axb3 31.
a3 Nd6 32. Nc3 Rd4 33. Qe3 Nc4 34. Qe2 Qa6 $44 {1-0 Rublevsky,S-Lanka,Z/
Budapest 1996/CBM 56 (60)}) 12... Kxg7 13. Ne2 Qf6 14. Qe3 Be6 15. Kb1 Nf4 16.
Nxf4 Qxf4 17. Qxf4 exf4 18. d4 cxd4 19. Nxd4 c5 20. Nxe6+ fxe6 21. Rd7+ Rf7 22.
Rhd1 Raf8 23. e5 g5 24. R1d6 Rxd7 25. Rxd7+ Rf7 26. Rd6 Re7 27. g4 fxg3 28.
fxg3 g4 $1 29. hxg4 Kh6 $132 {1/2-1/2 Ivanchuk,V-Anand,V/London 1994/CBM 42
ext (54)}) 11... Ne8 12. O-O-O f6 {Placing the pawns on dark squares preparing
to exchange the black bishops} 13. Nh2 {White has nothing to look for in the
king side attack, therefore, he prepares the f2-f4 advance before black knight
could get to e6} (13. Rdg1 Nc7 14. h4 Ne6 15. h5 (15. g5 Bxh6 16. gxh6 Nf4 $17)
15... g5 16. Bxg7 Kxg7 $17) 13... Nc7 14. Bxg7 Kxg7 15. f4 exf4 (15... Ne6 16.
fxe5 (16. f5 Nf4 17. fxg6 hxg6 18. h4 Be6 19. h5 g5 $15 {[%csl Rf4,Yf5,Rg4]
[%cal Gc3d1,Gd1e3,Gh2f1,Gf1g3]}) 16... fxe5 17. Rdf1 Nf4 18. Nf3 $14) 16. Qxf4
Ne6 17. Qg3 Qc7 $1 (17... Ba6 18. Nf3 Rad8 {is an alternative but black feels
safer with the queens being off the board relying on his solid position}) 18.
Qxc7+ Nxc7 19. Ne2 {[%cal Ge2f4]} Ne6 (19... Be6 20. Nf4 (20. Nf3 Rad8 21. Rdf1
Nb5 {[%cal Gc5c4]} 22. g5 (22. b3) 22... c4 $15) 20... Bf7 21. Nf3 Ne6 $11) 20.
Nf3 Ba6 21. Kd2 Rad8 22. Ke3 Rd6 (22... c4 23. Ned4 (23. d4 Rfe8 {[%csl Ge4]
[%cal Ge8e2]} 24. Ng3 Nc7 $15) 23... Nxd4 24. Nxd4 Rd6 25. dxc4 {[%csl Gd6]
[%cal Gd4f5]} Kf7 26. c5 $1 bxc5 27. Nb3 $16) 23. h4 Re8 (23... c4 24. dxc4
Rxd1 25. Rxd1 $16) 24. b3 {both players pay attention to each other's
intentions:Now for instance black was alreaady threatenning 24...c4 25.dc4 Rd1
26.Rd1 Nc5! =/+} Nc7 25. Kf2 Rf8 26. Nf4 Bc8 27. Kg3 {[%cal Gg4g5]} Nb5 {
[%cal Gb5c3]} 28. Rde1 (28. g5 Nc3 29. Rde1 a5 30. e5 fxe5 31. Nxe5 $11 {
[%cal Ge5c4]}) 28... Nd4 29. Nxd4 cxd4 30. g5 Rdd8 (30... fxg5 $2 31. hxg5 Rdd8
32. Rh6 Rde8 33. Reh1 Rh8 34. Ne2 c5 35. Ng1 $16 {[%csl Ge4]}) 31. a4 (31.
gxf6+ Rxf6 32. Rhf1 (32. e5 Rf5 $15) 32... Re8 $11) 31... fxg5 32. hxg5 Rde8
33. Ref1 Re5 34. Kh4 1/2-1/2

[Event "MK Cafe Cup-A"]
[Site "Koszalin"]
[Date "1999.08.13"]
[Round "10"]
[White "Sulskis, Sarunas"]
[Black "Sutovsky, Emil"]
[Result "1/2-1/2"]
[WhiteElo "2521"]
[BlackElo "2587"]
[Annotator "Gershon,A"]
[PlyCount "76"]
[EventDate "1999.08.03"]
[EventType "swiss"]
[EventRounds "9"]
[EventCountry "POL"]
[SourceTitle "CBM 073"]
[Source "ChessBase"]
[SourceDate "1999.12.01"]
[SourceVersion "1"]
[SourceVersionDate "1999.12.01"]
[SourceQuality "1"]

1. e4 c5 2. Nf3 Nc6 3. Bb5 g6 4. Bxc6 dxc6 5. d3 Bg7 6. Nc3 Bg4 (6... c4 7. d4
Bg4 8. Be3 Bxf3 9. Qxf3 Bxd4 10. O-O-O Bxe3+ 11. Qxe3 Qb6 12. Qf4 Nf6 13. e5
Nd5 14. Qxc4 O-O 15. Ne4 Rad8 16. g3 Qb4 17. Qxb4 Nxb4 18. a3 Na6 19. f4 b6 20.
Rxd8 Rxd8 21. Rd1 Rxd1+ 22. Kxd1 Nc7 23. Ke2 Ne8 24. Kd3 {1/2-1/2 Chandler,
M-Turner,M/4NCL, Birmingham ENG 1999 (24)}) (6... e5 7. h4 Bg4 8. Be3 Qe7 9.
Qd2 Nf6 10. Ne2 c4 11. Ng3 cxd3 12. Qxd3 O-O 13. O-O-O Rfe8 14. Qc3 b6 15. Qxc6
Rac8 16. Qd6 Qb7 17. Qd3 h6 18. Rd2 Re7 19. Kb1 $16 {0-1 Dias,P-Frois,A/
Portuguese Masters, Caldas de Felgueira 1999 (40)}) (6... Nf6 7. Be3 b6 (7...
Nd7 8. Qd2 h6 9. O-O-O e5 10. h4 Qe7 11. h5 g5 12. Ne2 b6 13. Ng3 Nf6 14. Nh2
Be6 15. Qc3 Qd7 16. f3 O-O 17. Nhf1 Ne8 18. Bf2 Nc7 19. Kb1 Nb5 20. Qe1 Rfd8
21. Ne3 Nd4 22. c3 Nb5 23. Ngf5 $16 {1/2-1/2 Yudasin,L-Pigusov,E/Kemerovo 1995/
CBM 50 (55)}) 8. h3 Qc7 9. Qd2 e5 10. Bh6 O-O 11. O-O-O Be6 12. Bxg7 Kxg7 13.
g3 Nd7 14. Kb1 f6 15. Nh2 b5 16. Ne2 b4 17. f4 a5 18. h4 Nb6 19. h5 c4 20. hxg6
cxd3 21. Nf3 hxg6 22. fxe5 Kg8 23. Nf4 $40 {1-0 Moltchanov,R-Afek,Y/Cannes
1997/CBM 57 ext (64)}) (6... Nh6 7. h3 f6 8. Be3 b6 9. Qe2 e5 10. Nd2 Nf7 11.
a3 Qe7 12. a4 O-O 13. a5 Be6 14. O-O f5 15. exf5 gxf5 16. f4 Rae8 17. axb6 axb6
18. Qh5 Bc8 19. Kh1 exf4 20. Bxf4 b5 21. Nf3 $13 {0-1 De la Villa Garcia,
J-Ponomariov,R/Pamplona 1996/CBM 57 (50)}) 7. h3 Bxf3 8. Qxf3 Nf6 9. O-O e5 (
9... O-O 10. Bg5 Ne8 11. Qe3 b6 12. Kh1 f6 13. Bh6 e5 14. Ne2 Qd6 15. Rad1 Nc7
16. c3 Ne6 17. Bxg7 Kxg7 18. d4 cxd4 19. cxd4 Rad8 20. dxe5 Qxe5 21. Qa3 $14 {
1/2-1/2 Sulskis,S-Yakovich,Y/Paide EST 1999 (52)}) (9... Nd7 10. Be3 O-O 11. a3
a5 12. a4 b6 13. Rab1 Re8 14. Ne2 Nf8 15. h4 e5 16. h5 Ne6 17. g3 b5 18. Kg2 c4
19. dxc4 bxc4 20. Rfd1 Qe7 21. b3 cxb3 22. cxb3 Rab8 23. Bd2 Ra8 24. Qc3 Qb7
25. Qc4 $16 {1/2-1/2 Yudasin,L-Spasov,V/Kranevo 1996/CBM 55 ext (57)}) 10. Nd1
Nd7 {[%cal Gd7f8,Gf8e6,Ye6d4,Ye6f4]} 11. Ne3 Nf8 12. a4 Ne6 13. Nc4 O-O (13...
b6) 14. Bd2 (14. a5 $142 Nd4 15. Qd1 Qd7 16. Be3 $14) 14... a5 15. Rfe1 Nd4 16.
Qd1 b6 17. g3 h5 18. h4 Kh7 19. Kg2 Ne6 (19... f5 20. Bg5 Qc7 21. exf5 Rxf5 22.
Nd2 Raf8 23. Ne4 $14) 20. Ra3 $2 {[%cal Ga3b3]} (20. Ne3 $11) 20... f5 {
Exploiting the fact that white has temporarily taken his rook out of the game}
21. exf5 Rxf5 22. Re4 (22. Bc3 b5 23. Ne3 (23. axb5 cxb5 24. Bxa5 Qf8 $19)
23... Rf7 $15) 22... Qf6 23. Qe1 (23. Be3 Bh6 24. Nd6 Nf4+ 25. Bxf4 Qxd6 26.
Bxh6 Kxh6 27. Rb3 Qc7 $11 {[%csl Ge5,Rf2]}) (23. Be1 $2 Rf8 $17 (23... Rb8) 24.
Nxb6 $140 $4 Rxf2+ 25. Bxf2 Qxf2+ 26. Kh1 Qxg3 27. d4 $8 Qf2 $17) 23... Nd4 $6
(23... Rf8 $142 24. Be3 (24. f4 Nd4 $17 {[%csl Gc2][%cal Ge5f4]}) 24... Bh6 $17
{[%csl Gf2]} 25. Nd6 Rf3) 24. Bg5 (24. Ne3 Rf3) 24... Rxg5 (24... Qe6 25. Qd1
Raf8 26. f4 $16 {[%cal Gc4e3,Gc4e5]}) 25. Rxd4 (25. hxg5 Qf3+ 26. Kh2 Nxc2 $17)
25... cxd4 26. hxg5 Qxg5 27. Ra1 Rf8 28. Qe2 (28. Nxb6 h4 $40) 28... Qd8 29.
Qe4 $44 {[%csl Gb6,Ge5,Gg7,Gh5]} Qc7 30. Rh1 {[%csl Gh5]} Rf5 (30... Kh6 31. g4
Rf4 32. Qe2 b5 33. Na3 (33. Nd2 Qd7 $1 34. gxh5 Qg4+ 35. Qxg4 Rxg4+ 36. Kf3
gxh5 37. Ra1 Bf8 $17) 33... b4 34. Nc4 Kg5 (34... Qd8 35. gxh5 Qg5+ 36. Kf1
gxh5 37. Nxa5 $16) 35. gxh5 Rg4+ 36. Kf1 gxh5 37. Qf3 $40 {[%csl Gg5]}) 31. g4
Rf4 32. Rxh5+ $2 (32. Qe2 b5 33. Nd2 Qd7 34. gxh5 Qg4+ 35. Qxg4 Rxg4+ 36. Kf3
Rf4+ 37. Ke2 gxh5 38. Rxh5+ Kg6 39. Rh1 $16) 32... Bh6 33. Qxe5 Qf7 (33...
Rxg4+ $2 34. Kf1 Qf7 (34... Qxe5 35. Rxe5 $18) 35. Rh2 $16 {[%csl Gf2]}) 34.
Rxh6+ Kxh6 35. Qh8+ Kg5 36. Qe5+ Kh6 37. Qh8+ Kg5 38. Qe5+ Kh6 1/2-1/2

[Event "Najdorf Memorial 11th"]
[Site "Buenos Aires"]
[Date "2000.09.19"]
[Round "2"]
[White "Short, Nigel D"]
[Black "Pierrot, Juan Facundo"]
[Result "1-0"]
[WhiteElo "2677"]
[BlackElo "2423"]
[Annotator "Gershon,A"]
[PlyCount "73"]
[EventDate "2000.09.18"]
[EventType "tourn"]
[EventRounds "9"]
[EventCountry "ARG"]
[EventCategory "14"]
[SourceTitle "CBM 080"]
[Source "ChessBase"]
[SourceDate "2001.01.25"]
[SourceVersion "1"]
[SourceVersionDate "2001.01.25"]
[SourceQuality "1"]

1. e4 c5 2. Nf3 Nc6 3. Bb5 g6 4. O-O Bg7 5. c3 Nf6 6. Re1 O-O 7. h3 e5 {
Here, white can try different approaches to fight for advantage. However,
black's position is very solid and if white tries to open the position up
black's two bishops will always secure him a very lively play.} 8. a3 $5 $146 {
Nigel does not disclose his intentions in the center yet, but preparing b4
instead with the idea to target black's center from the Q's flank. However, it
cannot promise white too much} (8. Bxc6 $6 {Makes it easier for black to
develop.} dxc6 9. d3 (9. Nxe5 $2 {an attempt to grab material is punished
quite simply} Re8 10. d4 cxd4 11. cxd4 Nxe4 12. Bf4 Nf6 13. Nc3 Nd5 $15 {
1/2-1/2 Naumann,A-Turner,M/Paignton ENG 2000/The Week in Chess 306 (23)}) (9.
Qe2 Nd7 10. a4 Qe7 11. Na3 Rd8 12. Nc4 Nf8 13. d3 f6 14. a5 Be6 15. Be3 Bf7 16.
Kh2 Ne6 $11 {0-1 Meier,V-Wells,P/Berlin 1995/CBM 47 ext (35)}) 9... Re8 10. Na3
Qc7 11. Be3 b6 12. Nc4 Nd7 13. Qc2 Ba6 14. Qa4 Bb5 15. Qb3 a5 16. a4 Ba6 17.
Rad1 Rab8 18. Qa2 Nf8 {white is stuck and has to open the center, which works
the both ways, of course.} 19. d4 exd4 20. cxd4 Rxe4 21. Ng5 Rxd4 $1 22. Bxd4
cxd4 $17 {[%csl Ya6,Yg7] 0-1 Djuric,S-Ortiz,E/Manila 1997/EXT 98 (41)}) ({
The main move is:} 8. d4 exd4 (8... cxd4 9. cxd4 Nxd4 10. Nxd4 Qb6 $5 (10...
exd4 11. Qxd4 d5 12. e5 Ne4 13. Nc3 Qa5 14. b4 Qb6 15. Qxb6 axb6 16. Nxd5 Bxe5
17. Rb1 Nc3 18. Rxe5 $1 Nxb1 19. Bd3 Na3 20. Nxb6 Be6 21. Nxa8 Rxa8 22. Rc5 $18
{[%csl Ra3] 1-0 Shaposhnikov,E-Krishilovsky,A/St Petersburg 1997/EXT 2000 (26)}
) 11. Nf3 Qxb5 12. Nc3 Qa6 13. Nxe5 d6 14. Nf3 Be6 15. Bg5 h6 16. Bxf6 Bxf6 17.
Qd2 Bg7 18. Rac1 b5 19. a3 Rfc8 20. Nd4 {1/2-1/2 Shaposhnikov,E-Bu Xiangzhi/St
Petersburg RUS 2000/The Week in Chess 276 (20)}) 9. cxd4 cxd4 10. e5 Nd5 11.
Bxc6 $6 (11. Bg5 Qb6 12. Na3 h6 13. Bh4 Nf4 14. Qd2 Ne6 15. Rac1 a6 16. Bxc6
dxc6 17. Be7 Re8 18. Nc4 Qa7 19. Bf6 Bd7 $11 {1-0 Kovalevskaya,E-Polovnikova,E/
Elista RUS 2000/The Week in Chess 291 (30)}) (11. Qb3 a6 12. Qxd5 axb5 13. Bf4
Qa5 14. Nbd2 Nb4 15. Qb3 Qa4 16. Nxd4 Nc6 17. Nxc6 dxc6 18. Qe3 Qa7 $1 $11 {
0-1 Gubanov,A-Kruppa,Y/St Petersburg 1996/CBM 56 ext (53)}) 11... dxc6 12. Qxd4
Bf5 13. Nc3 Nxc3 14. Qxc3 Re8 15. Bg5 Qb6 16. Rad1 Be6 17. a3 Bd5 18. Bf6 Bf8
$15 {0-1 Boim,I-Zilberman,Y/Herzeliya ISR 2000/The Week in Chess 306 (35)})
8... a6 9. Bxc6 dxc6 10. d3 (10. Nxe5 {is still bad} Re8 11. d4 cxd4 12. cxd4
Nxe4 $15) 10... Qc7 (10... Qe7 11. Be3 Be6 12. Nxe5 Nxe4 13. Nxg6 fxg6 14. dxe4
$16 {Black compensation can barely suffice}) 11. Qc2 h6 (11... Be6 12. Ng5 Bd7
13. b4 cxb4 14. axb4 h6 15. Nf3 Be6 {game}) 12. Be3 b6 13. b4 cxb4 14. axb4 {
[%cal Gd3d4]} Be6 $6 {After d3-d4 the B will not feel too comfortable due to
the possible d4-d5 advance.} (14... Bb7 $5 15. Nbd2 (15. d4 exd4 16. cxd4 Qe7 {
[%csl Rb4,Re4]} 17. Nc3 Rfe8 {and white's center becomes weak rather than
strong}) 15... Rad8 16. Nc4 (16. d4 exd4 17. cxd4 Rfe8 18. d5 Rc8 $11)) 15. d4
exd4 16. cxd4 {[%cal Gd4d5]} Qb7 {[%csl Ra6,Re4][%cal Gb7e4]} 17. Nc3 Rfe8 18.
Bf4 Nd7 {Too passive} (18... Bc4 19. Ne5 Bb5 20. Rac1 $14) (18... Rad8 $142)
19. Bd6 Bc4 20. e5 (20. Nd2 $5 Be6 21. e5 Bf5 22. Nce4 $13) 20... Re6 $2 {
Probably a decisive mistake. After this move black's position becomes
difficult- The rook occupies the B's retreat square and with his last move
white forces the bishop to 'd5'. After the capture on 'd5' white gains two big
pluses: 1. the 'c' file 2. the very weak 'd5' pawn} (20... Rac8 $142) ({or} 
20... Bd5) 21. Nd2 $1 Bd5 22. Nxd5 cxd5 23. Rec1 $16 {[%csl Rd5][%cal Gc2c8,
Yd2f1,Yf1e3]} Bf8 {Black obviously cannot bare the white B on d6, but after
the B exchange, his K becomes weak} (23... Ra7 24. Nf1 {[%cal Yf1e3,Gc2c6]}
Rxd6 $6 25. exd6 Bxd4 26. Qc8+ Nf8 27. Qxb7 Rxb7 28. Rxa6 $18) (23... f6 {
[%csl Rg6] is,of course,  impossible}) 24. Bxf8 Nxf8 25. Nf1 Ree8 {[%csl Rd4]
[%cal Gf8e6]} 26. Ne3 Rec8 (26... Ne6 27. Ng4 $1 Nxd4 28. Qd2 Nf5 29. Nf6+ Kg7
30. Nxe8+ Rxe8 31. g4 Ne7 32. Qc3 $18) 27. Qa2 {[%csl Rd5]} Rd8 (27... Ne6 28.
Rxc8+ Rxc8 29. Qxd5 $18) 28. f4 (28. Ng4 {is even stronger, exlpoiting the
vulnerable position of the black K white could improve the placing of his N} h5
$8 (28... Kg7 29. Qd2 g5 30. h4 (30. Ne3 {[%csl Rf5][%cal Ge3f5]}) 30... Ne6
31. Nf6 $40 {[%cal Gd2d3]}) 29. Nf6+ Kg7 30. f4 $40) 28... Ne6 29. Qd2 Ng7 (
29... Nxf4 30. Ng4 g5 31. g3 $1 Ne6 32. Nxh6+ Kh7 33. Nf5 $18) 30. Rf1 Qe7 31.
Rf3 $1 {accurately played!} (31. f5 $6 Qg5 {although still winning, would have
created unnecessary techniqal problems}) 31... Ra7 32. f5 Qg5 33. Qf2 a5 34. h4
$1 Qe7 35. f6 Qxb4 36. fxg7 Qxd4 37. Rf1 (37. Rf1 Rdd7 38. e6 fxe6 39. Rf8+
Kxg7 40. Nf5+ $18) 1-0